Liczby 1-10 po niderlandzku - Statystyki

Ogólne statystyki
  • Ten quiz został rozwiązany 15 razy
  • Średni wynik to 7 z 10
Statystyki odpowiedzi
Polski Niderlandzki % Poprawnych
Jeden Een
100%
Osiem Acht
90%
Trzy Drie
90%
Dwa Twee
90%
Cztery Vier
90%
Dziesięć Tien
70%
Sześć Zes
70%
Siedem Zeven
70%
Pięć Vijf
60%
Dziewięć Negen
0%
Nie znaleziono quizów pasujących do podanych kryteriów
Rozkład punktacji
Procent ludzi z każdym wynikiem
Percentyl według liczby udzielonych odpowiedzi
Twoja historia wyników
Nie rozwiązałeś tego quizu